• 首页
  • 本馆介绍
  • 公告通知
  • 最新文献
  • 馆藏检索
  • 电子资源
  • 读者导购
  • 参考咨询
  • 我的图书馆
  • 登录
  • 详细信息显示
  • 放入我的书架
  • 预约/预借图书
  • 作者相关作品
  • 分类相关作品
  • 丛书相关作品
  • 出版社相关作品

书目信息

  • 表格格式
  • 工作单格式
  • 卡片格式
题名:
庚子国变记
    
 
作者: ;中国历史研究社 编
分册:  
出版信息: 上海   上海书店印行  1982.10
页数: 376
开本: 19cm
丛书名:
单 册:
中图分类: K256.7
科图分类:
主题词: 中国--历史--1840~1949
电子资源:
ISBN:
000 00494nam0 2200181 45
001 0181011109
005 20070728113016.15
010    @dCNY1.30
100    @a20810111d km y0chiy0120 ea
101 0  @achi
200 1  @Ageng zi guo bian ji@a庚子国变记@f中国历史研究社编
210    @a上海@c上海书店印行@d1982.10
215    @a376@d19cm
606 0  @a中国@x历史@z1840~1949
690    @aK256.7
711 02 @a中国历史研究社@4编
801    @aCN@bTSTC@c20070728
905    @dK256.7@f2@b216160-161@e21
    
    庚子国变记/中国历史研究社编.-上海:上海书店印行,1982.10
    376;19cm
    
    
    ISBN :CNY1.30
    
●
相关链接 在E读中查询图书 在五车中查询图书 在当当中查询图书 在豆瓣中查询图书


正题名:庚子国变记     索取号:K256.7/21         预约/预借

序号 登录号 条形码 馆藏地/架位号 状态 备注
1 0216160   001292274   第二借阅区/ [索取号:K256.7/21] 在馆    
2 0216161   001292283   第二借阅区/ [索取号:K256.7/21] 在馆    
3 0216162   000564945   第二样本阅览室/ [索取号:K256.7/21] 在馆    
4 0785887   207858870   密集书库/ [索取号:K256.7/21] 在馆    
唐山师范学院图书馆 欢迎您!
大连网信软件有限公司© 版权所有